Statistics for Sports Trivia

Click here to take the quiz!

General Stats

  • This quiz has been taken 17 times
  • The average score is 9 of 15

Answer Stats

QuestionAnswer% Correct
Which MLB team won the world series as a result of cheating?Houston Astros
100%
What is the NBA record for points scored in a single game by one player?100
94%
Which NFL team had the first overall draft pick in 2020?Cinncinati Bengals
82%
Which major North American sports league brings in the most money every year?NFL
82%
Which NBA player has the record for most championships won with 11 championships?Bill Russel
76%
Which star rookie won the Calder trophy in 2019?Elias Petterson
71%
Who has the NFL combine record for the 40 yard dash at 4.22 seconds?John Ross lll
71%
Which one of these NHL teams was part of the original six?Chicago Blackhawks
53%
Which NHL team has won the most Stanley Cups with 24?Montreal Canadiens
53%
Which team was a former MLB franchise?Montreal Expos
53%
Which NFL quarterback drops dimes for the Miami Dolphins?Tua Tagovailoa
47%
Who is the youngest MLB player with a 3 HR, 7 RBI game?Vladimir Guerrero Jr
47%
What is Nikita Mazepin's nickname?Nikita Mazespin
24%
Which NBA player has the record for most blocks in a single game with 17?Elmore Smith
18%
Which team won the inaugural season of the NBA?Los Angeles Lakers
6%

Score Distribution

Percentile by Number Answered

Percent of People with Each Score

Your Score History

You have not taken this quiz